| 000 | 00597nam a2200229Ia 4500 | ||
|---|---|---|---|
| 008 | 180523s9999 xx 000 0 und d | ||
| 020 | _a981-243-160-8 | ||
| 050 | _aMAIN GV 546 | ||
| 050 | _b.H47 2000 c.2 | ||
| 100 | _aHesson, James L. | ||
| 245 | 0 | _aWeight training for life / | |
| 245 | 0 | _cJames L. Hesson. | |
| 250 | _a5th Edition | ||
| 260 | _aSingapore : | ||
| 260 | _bThomson Learning, | ||
| 260 | _c2000 | ||
| 300 | _a168 pages : | ||
| 300 | _billustrations ; | ||
| 300 | _c23 cm. | ||
| 500 | _aIncludes bibliographical references and index. | ||
| 650 | _aWeight training. | ||
| 999 |
_c356728 _d356728 |
||